000 00608nam a2200181 i 4500
001 24238
003 ES-MaACL
005 20250829063106.0
007 t|
008 021216s1963 sp ||||1| spa d
100 1 _aAmorós Rica, Narciso,
_d1918-1995
_921322
245 1 0 _aDerecho Tributario
_b: (explicaciones) /
_cNarciso Amorós Rica ; prólogo de Mariano Sebastián.
260 _aMadrid :
_bEd. Derecho Financiero,
_c1963 (
_fSuc. de Rivadeneyra)
300 _a495 p. ;
_c24 cm.
700 1 _aSebastián, Mariano.
_9105009
852 _aES-MaACL
_jC-23949
_bR.52639
999 _c24238
_d24238